Arbitrary Groups of Six - Statistics

General Stats
  • This quiz has been taken 28 times
  • The average score is 34 of 72
Answer Stats
Group Answer % Correct
Countries where Italian is an official or regional language Italy
100%
Known planets of the solar system before the 17th century Mars
96%
Known planets of the solar system before the 17th century Mercury
96%
Known planets of the solar system before the 17th century Venus
96%
Known planets of the solar system before the 17th century Earth
93%
Known planets of the solar system before the 17th century Jupiter
93%
Countries where Italian is an official or regional language San Marino
89%
Known planets of the solar system before the 17th century Saturn
89%
Countries where Italian is an official or regional language Switzerland
89%
Countries where Italian is an official or regional language Vatican City
89%
Countries with more than 675 species of reptile Brazil
79%
Countries with more than 675 species of reptile Australia
75%
Largest freshwater lake in each inhabited continent Lake Superior
75%
Countries with more than 675 species of reptile India
71%
Countries with more than 675 species of reptile Indonesia
71%
Largest freshwater lake in each inhabited continent Lake Victoria
71%
Seas bordering East Asia Sea of Japan
71%
Seas bordering East Asia South China Sea
71%
Countries where Italian is an official or regional language Slovenia
68%
African countries where neither Christianity nor Islam are practiced by over 50% of the population Nigeria
64%
Capitals of African countries that were communist at some point Addis Ababa
57%
Largest freshwater lake in each inhabited continent Lake Titicaca
57%
Seas bordering East Asia East China Sea
54%
Largest freshwater lake in each inhabited continent Lake Baikal
54%
Indigenous languages of the Americas with more than 1 million speakers Quechua
54%
Seas bordering East Asia Yellow Sea
54%
African countries where neither Christianity nor Islam are practiced by over 50% of the population Benin
50%
Inhabited Australian territories off of the mainland Christmas Island
50%
Countries with more than 675 species of reptile Guinea
50%
Capitals of African countries that were communist at some point Luanda
50%
Countries with more than 675 species of reptile Mexico
50%
Capitals of African countries that were communist at some point Mogadishu
50%
Seas bordering East Asia Philippine Sea
50%
African countries where neither Christianity nor Islam are practiced by over 50% of the population Togo
50%
African countries where neither Christianity nor Islam are practiced by over 50% of the population Ivory Coast
46%
African countries where neither Christianity nor Islam are practiced by over 50% of the population Mauritius
46%
Species of true swan Black
43%
Capitals of African countries that were communist at some point Brazzaville
39%
Inhabited Australian territories off of the mainland Cocos (Keeling) Islands
39%
African countries where neither Christianity nor Islam are practiced by over 50% of the population Guinea-Bissau
39%
Indigenous languages of the Americas with more than 1 million speakers Kʼicheʼ
39%
Capitals of African countries that were communist at some point Maputo
39%
NFL teams that have won a Super Bowl in Miami (city proper) Pittsburgh Steelers
39%
Indigenous languages of the Americas with more than 1 million speakers Qʼeqchiʼ
39%
Indigenous languages of the Americas with more than 1 million speakers Aymara
36%
NFL teams that have won a Super Bowl in Miami (city proper) Baltimore Colts
36%
NFL teams that have won a Super Bowl in Miami (city proper) Green Bay Packers
36%
Indigenous languages of the Americas with more than 1 million speakers Nahuatl
36%
Inhabited Australian territories off of the mainland Norfolk Island
36%
Countries where Italian is an official or regional language Croatia
32%
Indigenous languages of the Americas with more than 1 million speakers Guaraní
32%
Seas bordering East Asia Sea of Okhotsk
32%
Largest freshwater lake in each inhabited continent Lake Ladoga
29%
Capitals of African countries that were communist at some point Porto-Novo
29%
NFL teams that have won a Super Bowl in Miami (city proper) San Francisco 49ers
29%
Regional languages of Afghanistan Turkmen
29%
Regional languages of Afghanistan Uzbek
29%
NFL teams that have won a Super Bowl in Miami (city proper) New York Jets
25%
NFL teams that have won a Super Bowl in Miami (city proper) Denver Broncos
21%
Species of true swan Mute
21%
Species of true swan Trumpeter
18%
Regional languages of Afghanistan Balochi
14%
Inhabited Australian territories off of the mainland Coral Sea Islands
14%
Largest freshwater lake in each inhabited continent Lake Taupō
14%
Inhabited Australian territories off of the mainland Jarvis Bay Territory
11%
Regional languages of Afghanistan Pamiri
11%
Inhabited Australian territories off of the mainland Australian Antarctic Territory
7%
Regional languages of Afghanistan Nuristani
7%
Regional languages of Afghanistan Pashayi
7%
Species of true swan Tundra
7%
Species of true swan Black-necked
4%
Species of true swan Whooping
4%
No matching quizzes found
Score Distribution
Percent of People with Each Score
Percentile by Number Answered
Your Score History
You have not taken this quiz